000 00539nam a2200181Ia 4500
003 GCL
008 140319s9999 xx 000 0 ara d
040 _aGCL /
_cGCL
082 0 4 _a150.19
_bم ت
100 1 _aمحمد شحاتة ربيع
245 1 0 _aتاريخ علم النفس ومدارسه /
_cمحمد شحاتة ربيع
260 _a[S.N] :
_bدار الصحوه للنشر والتوزيع ،
_c1986
300 _a475
490 _a
650 0 4 _aتاريخ
650 0 4 _aعلم النفس الشعبى
942 _2ddc
_cBK
999 _c53709
_d53709